000 00544nab a2200193 a 4500
001 68488
003 141845
005 20201118110534.0
008 ||||||n9999 ||| || ||
041 _aspa
100 _aHervada Xiberta, Javier
245 0 _aLibertad de pensamiento, libertad religiosa y libertad de conciencia :
_bpp.99-123
260 _aBogotá :
_bUniversidad de la Sabana,
_c1999.
562 _e0
650 _aLIBERTAD DE CONCIENCIA
650 _aLIBERTAD RELIGIOSA
773 _060412
_aDíkaion - No.3
942 _cSART
999 _c68488
_d68488